Psicopatología de la vejez
Guardado en:
| Autores principales: | , |
|---|---|
| Formato: | Libro |
| Lenguaje: | español |
| Publicado: |
Madrid
Morata
1964
|
| Materias: | |
| Etiquetas: |
Agregar Etiqueta
Sin Etiquetas, Sea el primero en etiquetar este registro!
|
MARC
| LEADER | 00000nam a2200000 a 4500 | ||
|---|---|---|---|
| 001 | UCY5685 | ||
| 003 | CL-VaPUC | ||
| 008 | 950512e19640000SP |||||||||||||||||spa|d | ||
| 082 | 0 | 4 | |a 155.67 |b HOC |2 21 |
| 100 | 0 | |a Hoch, Paul H |e author |9 334770 | |
| 700 | 0 | |a Zubin, Joseph |e author |9 334771 | |
| 245 | 1 | 0 | |a Psicopatología de la vejez |
| 300 | |a 271 p | ||
| 942 | |c BK | ||
| 945 | |d 19950512 00:00:00 |a mfernand | ||
| 260 | |a Madrid |b Morata |c 1964 | ||
| 650 | 7 | |a PSICOLOGIA GERIATRICA |2 CL-VaPUC |9 334631 | |
| 650 | 0 | |a Psicopatología |9 307473 | |
| 650 | 0 | |a Trastornos emocionales |9 307307 | |
| 650 | 0 | |a Enfermedades mentales |9 310204 | |
| 650 | 7 | |a ENVEJECIMIENTO |2 CL-VaPUC |9 334772 | |
| 650 | 0 | |a Ancianos |9 307293 | |
| 650 | 0 | |a Inteligencia |9 267038 | |
| 650 | 0 | |a Memoria |9 266549 | |
| 650 | 7 | |a PSICOFISIOLOGIA |2 CL-VaPUC |9 307700 | |
| 650 | 7 | |a PSICOLOGIA GENETICA |2 CL-VaPUC |9 308771 | |
| 583 | |a last modification |c 19950512 00:00:00 |k Rodrigo Vera | ||
| 999 | |c 233313 |d 233311 | ||
| 952 | |0 0 |1 0 |4 0 |6 155_670000000000000_HOC_1964 |7 0 |8 P |9 238741 |a BIBEDU |b BIBEDU |d 2019-11-18 |i 1505084 |o 155.67 HOC 1964 |p 1505084 |r 2024-01-25 |w 2019-11-18 |y BK |k EDU | ||